书目信息 |
| 题名: |
三角函数七位对数表
|
|
| 作者: | 每时一秒 载 | |
| 分册: | ||
| 出版信息: | 北京 测绘出版社 1957 |
|
| 页数: | 226页 | |
| 开本: | 24cm | |
| 丛书名: | ||
| 单 册: | ||
| 中图分类: | O1-644 | |
| 科图分类: | ||
| 主题词: | 数学 | |
| 电子资源: | ||
| ISBN: | ||
| 000 | 00571nam0 2200205 450 | |
| 001 | 0629756734 | |
| 005 | 20060802081829.73 | |
| 010 | @b精装@dCNY3.20 | |
| 100 | @a20060802d1957 km y0chiy0120 ea | |
| 101 | 0 | @achi |
| 102 | @aCN@b110000 | |
| 102 | @aCN@b110000 | |
| 200 | 1 | @a三角函数七位对数表@Asan jiao han shu qi wei dui shu biao@f每时一秒载@Fmei shi yi miao zai |
| 210 | @a北京@c测绘出版社@d1957 | |
| 215 | @a226页@d24cm | |
| 606 | 0 | @a数学 |
| 690 | @aO1-644@v3 | |
| 701 | 0 | @a每时一秒@Amei shi yi miao@4载 |
| 801 | 0 | @aCN@bPFT@c20060802 |
| 905 | @a10447@dO1-644@e285 | |
| 三角函数七位对数表/每时一秒载.-北京:测绘出版社,1957 |
| 226页;24cm |
| ISBN (精装):CNY3.20 |
| ● |
| 相关链接 |
|
|
|
|
正题名:三角函数七位对数表
索取号:O1-644/285
 
预约/预借
| 序号 | 登录号 | 条形码 | 馆藏地/架位号 | 状态 | 备注 |
| 1 | 0434271 | 204342719 | 密集书库/ [索取号:O1-644/285] | 在馆 |